Statistics for Ariana Grande - breathin (lyrics)

Click here to take the quiz!

General Stats

  • This quiz has been taken 531 times
  • The average score is 243 of 296

Answer Stats

breathin'% Correct
a
99%
I
99%
just
99%
ChorusJust
99%
And
98%
and
98%
breathin'
94%
keep
93%
me
93%
You
93%
you
93%
BridgeMy
92%
my
92%
to
92%
so
91%
the
91%
Verse 1Some
89%
days
86%
of
86%
take
86%
way
86%
Way
86%
energy
85%
things
85%
too
85%
can
84%
know
84%
much
84%
on
84%
up
83%
Outro | Pre-ChorusFeel
81%
tell
80%
time
80%
Time
80%
fallin'
78%
runnin'
78%
whole
78%
blood
77%
look
77%
away
76%
can't
76%
mind
75%
spinning
75%
complicate
74%
gotta
74%
sky's
74%
swear
73%
medicate
72%
people
72%
control
71%
every
71%
by
68%
over
68%
All
67%
all
67%
but
67%
goes
67%
is
67%
it
67%
this
66%
try
64%
When
64%
your
64%
oh
63%
cares
62%
shit's
62%
yeah
62%
it's
61%
Don't
60%
fabricated
60%
room's
60%
see
59%
face
58%
hard
58%
be
57%
Verse 2Sometimes
57%
Find
56%
find
56%
remind
56%
what
56%
clouds
54%
complicated
54%
need
54%
else
52%
weren't
52%
into
51%
loud
50%
that
48%
air
46%
they
41%
Tune
41%
out
37%

Score Distribution

Percentile by Number Answered

Percent of People with Each Score

Your Score History

You have not taken this quiz